000 00308nam a2200121Ia 4500
008 190802s9999 xx 000 0 und d
020 _a085-297-040-4
100 _aAlasdair Watson
245 0 _aFinance of International Trade
260 _aLondon
_bInstittute of Bankers
_c1976
300 _a222:p
942 _cBK
999 _c2438
_d2438